Musiciens français - Quiz d'images - Statistiques

Statistiques générales
  • Ce quiz a été pris 522 fois
    427 depuis la dernière actualisation
  • Le résultat moyen est 8 sur 12
Statistiques - réponses
Par images Réponse % Correct
Édith Piaf
92%
Vanessa Paradis
90%
David Guetta
89%
Johnny Hallyday
89%
Claude François
86%
Serge Gainsbourg
84%
Isabelle "Zaz" Geffroy
79%
France Gall
74%
Mc Solaar
59%
Françoise Hardy
41%
Manu Chao
27%
Claude Debussy
22%
Aucun quiz correspondant
Distribution des résultats
% des personnes avec chaque résultat
Percentile par nombre de réponses
Votre historique - résultats
Vous n’avez pas pris ce quiz depuis la dernière actualisation